University Home | Library Home | Institutional Repository

HARVARD INTERNATIONAL LAW JOURNAL. (Record no. 9665)

MARC details
000 -LEADER
fixed length control field 00580cas a2200169 4500
008 - FIXED-LENGTH DATA ELEMENTS--GENERAL INFORMATION
fixed length control field 150226n eng u
022 ## - INTERNATIONAL STANDARD SERIAL NUMBER
International Standard Serial Number 00178063
035 ## - SYSTEM CONTROL NUMBER
System control number (Sirsi) a188570
050 ## - LIBRARY OF CONGRESS CALL NUMBER
Classification number JX1.H3I4L3
245 ## - TITLE STATEMENT
Title HARVARD INTERNATIONAL LAW JOURNAL.
260 ## - PUBLICATION, DISTRIBUTION, ETC.
Place of publication, distribution, etc. Cambridge
Name of publisher, distributor, etc. Harvard University
Date of publication, distribution, etc. 1995.
310 ## - CURRENT PUBLICATION FREQUENCY
Current publication frequency Semiannually.
362 ## - DATES OF PUBLICATION AND/OR SEQUENTIAL DESIGNATION
Dates of publication and/or sequential designation Vol.34, No.1, 1993 - Vol.36, No.1, 1995
520 ## - SUMMARY, ETC.
Summary, etc. It publishes articles and comments on varied topics of interest to international lawyers and scholars.
650 ## - SUBJECT ADDED ENTRY--TOPICAL TERM
Topical term or geographic name entry element Law.
780 ## - PRECEDING ENTRY
Main entry heading Harvard International Law Club Journal.
Holdings
Withdrawn status Lost status Source of classification or shelving scheme Damaged status Not for loan Home library Current library Shelving location Total Checkouts Full call number Barcode Date last seen Copy number Price effective from Koha item type
    Library of Congress Classification     Main Library Main Library Serials   JX1.H3I4L3 80633411993 08/12/2019 1 08/12/2019 Periodical
© 2026 - The University of Zambia Library - Koha v25.11